Học tiếng Pháp theo băng đĩa hình : Dùng kèm với 1 đĩa VCD

保存先:
書誌詳細
フォーマット: 図書
言語:Undetermined
出版事項: Thành phố Hồ Chí Minh Tổng Hợp Tp. Hồ Chí Minh 2004
主題:
タグ: タグ追加
タグなし, このレコードへの初めてのタグを付けませんか!
Thư viện lưu trữ: Trung tâm Học liệu Trường Đại học Cần Thơ
LEADER 00563nam a2200181Ia 4500
001 CTU_99500
008 210402s9999 xx 000 0 und d
082 |a 428.24 
082 |b H419 
245 0 |a Học tiếng Pháp theo băng đĩa hình : 
245 0 |b Dùng kèm với 1 đĩa VCD 
245 0 |c Ngô Chanh (dịch) 
260 |a Thành phố Hồ Chí Minh 
260 |b Tổng Hợp Tp. Hồ Chí Minh 
260 |c 2004 
650 |a French language 
904 |i M.Loan 
980 |a Trung tâm Học liệu Trường Đại học Cần Thơ